Vzdelávacia hra vyvinutá v Unity engine

Enregistré dans:
Détails bibliographiques
Auteur principal: Šimová, Simona (Auteur)
Autres auteurs: Kučera, Erik (Directeur de thèse)
Format: Manuscrit Livre
Langue:slovaque
Publié: Bratislava : STU v Bratislave FEI, 2025
Sujets:
Accès en ligne:https://opac.crzp.sk/?fn=detailBiblioFormChildSALV3A&sid=BA75C2D62745AD5727E89A9ED92F&seo=CRZP-detail-kniha
Tags: Ajouter un tag
Pas de tags, Soyez le premier à ajouter un tag!

MARC

LEADER 00000ntm a22000003a 4500
001 stuzp102337
003 SK-STU
005 20260127132125.9
007 ta
008 150427s2015----xo-----f-mn---000-0-slo-d
040 |a STU  |b slo 
041 0 |a slo 
044 |a xo 
100 1 |a Šimová, Simona  |u 030400  |4 aut  |U FEI Fakulta elektrotechniky a informatiky  |T FEI Ústav automobilovej mechatroniky  |X 120484  |U E400  |Y 642  |7 120484 
242 0 1 |a Educational game developed in Unity engine  |y eng 
245 1 0 |a Vzdelávacia hra vyvinutá v Unity engine 
260 |a Bratislava :  |b STU v Bratislave FEI,  |c 2025 
300 |a 65 s. 
650 4 |a gamifikácia  |2 slo 
650 4 |a hra  |2 slo 
650 4 |a vzdelávanie  |2 slo 
650 4 |a unity  |2 slo 
650 4 |a gamification  |2 eng 
650 4 |a game  |2 eng 
650 4 |a education  |2 eng 
650 4 |a unity  |2 eng 
700 1 |a Kučera, Erik  |u 030400  |k Z1  |4 ths  |U FEI Fakulta elektrotechniky a informatiky  |T FEI Ústav automobilovej mechatroniky  |X 55901  |U E400  |Y 642  |7 A000055901 
856 4 |u https://opac.crzp.sk/?fn=detailBiblioFormChildSALV3A&sid=BA75C2D62745AD5727E89A9ED92F&seo=CRZP-detail-kniha